| 000 | 01199cad a22002055a 4500 | ||
|---|---|---|---|
| 001 | L152903 | ||
| 008 | 110512e20110511xxk 000 0 eng d | ||
| 035 | _a(Sirsi) u152903 | ||
| 041 | 0 | _aeng | |
| 110 | 2 |
_aUnited Kingdom _bDepartment for Business, Innovation and Skills _95760 |
|
| 245 | 0 | 0 | _aUK secures agreement for International Space Agencies to support disaster efforts worldwide |
| 260 | _c2011 | ||
| 490 |
_aBIS Press Release _v11 May 2011 |
||
| 520 | _aAgreement gained by the UK on providing universal access to satellite images during natural emergencies during the first meeting as Chair of the International Charter on Space and Major Disasters. Any country will now be able to draw upon the data provided by the charter to inform authorities and save lives. The Charter was set up in 1999 and is an agreement that coordinates space agencies worldwide in gathering vital satellite images of disaster sticken regions. | ||
| 590 | _aKA NTK | ||
| 651 | 4 | _aInternational | |
| 690 | _aBUILT ENVIRONMENT-CONSTRUCTION MANAGEMENT | ||
| 856 | 4 | 0 |
_uhttps://nds.coi.gov.uk/content/Detail.aspx?ReleaseID=419447&NewsAreaID=2 _zView this item free of charge at http://nds.coi.gov.uk |
| 942 | _n0 | ||
| 999 |
_c83143 _d83143 |
||